000 00978cam a2200289 i 4500
001 14192
003 BD-RjUL
005 20211208235603.0
008 140205s1955 pk b 000 0 eng d
035 _a(BD-RjUL)14244
040 _aDLC
_cDLC
_dDLC
_dBD-RjUL
_beng
041 _aeng
082 0 0 _a631.450954914
_bANS 1955
100 1 _aAnwar, Abdul Aziz.
_944322
245 1 0 _aSoil Erosion in the Punjab /
_csurveyed by Abdul Aziz Anwar.
260 _aPunjab. :
_bThe Board of Ecinimy Inquiry,
_c1955.
300 _aiv, 91 p. ;
_c25 cm.
490 1 _aBoard of Economic Inquiry, Punjab. Publication ;
_vno. 111
504 _aBibliography: p. [89]
650 0 _aSoil erosion
_zPakistan
_zPunjab (Province)
_944323
650 0 _aSoil conservation
_zPakistan
_zPunjab (Province)
_944324
830 0 _vno. 111.
_944853
830 0 _aPublication (Board of Economic Inquiry, West Pakistan, Lahore) ;
_944854
942 _2ddc
_cBK
999 _c14192
_d14192